Ethics within engineering: (Record no. 2597)
[ view plain ]
| 000 -LEADER | |
|---|---|
| fixed length control field | 00593nam a22001937a 4500 |
| 005 - DATE AND TIME OF LATEST TRANSACTION | |
| control field | 20260415093749.0 |
| 008 - FIXED-LENGTH DATA ELEMENTS--GENERAL INFORMATION | |
| fixed length control field | 260415b |||||||| |||| 00| 0 eng d |
| 020 ## - INTERNATIONAL STANDARD BOOK NUMBER | |
| International Standard Book Number | 978-1-3503-4043-5 |
| 082 ## - DEWEY DECIMAL CLASSIFICATION NUMBER | |
| Classification number | 174.962 R666 2024 |
| 100 ## - MAIN ENTRY--PERSONAL NAME | |
| Personal name | Robison, Wade L. |
| 9 (RLIN) | 490 |
| 245 ## - TITLE STATEMENT | |
| Title | Ethics within engineering: |
| Remainder of title | an introduction / |
| Statement of responsibility, etc. | Wade L. Robison |
| 250 ## - EDITION STATEMENT | |
| Edition statement | 2nd ed, |
| 260 ## - PUBLICATION, DISTRIBUTION, ETC. | |
| Place of publication, distribution, etc. | London: |
| Name of publisher, distributor, etc. | Bloomsbury Academic, |
| Date of publication, distribution, etc. | c2024 |
| 300 ## - PHYSICAL DESCRIPTION | |
| Extent | xviii, 237p. |
| 504 ## - BIBLIOGRAPHY, ETC. NOTE | |
| Bibliography, etc. note | Includes bibliographies and index |
| 541 ## - IMMEDIATE SOURCE OF ACQUISITION NOTE | |
| Accession number | 8004 c.1 |
| 650 ## - SUBJECT ADDED ENTRY--TOPICAL TERM | |
| Topical term or geographic name entry element | Engineering ethics |
| 9 (RLIN) | 491 |
| 650 ## - SUBJECT ADDED ENTRY--TOPICAL TERM | |
| Topical term or geographic name entry element | Engineer - Professional ethics |
| 9 (RLIN) | 492 |
| Withdrawn status | Lost status | Source of classification or shelving scheme | Damaged status | Not for loan | Home library | Current library | Date acquired | Total Checkouts | Full call number | Barcode | Date last seen | Copy number | Price effective from | Koha item type |
|---|---|---|---|---|---|---|---|---|---|---|---|---|---|---|
| Dewey Decimal Classification | ctu-moalboal | ctu-moalboal | 11/28/2024 | 174.962 R666 2024 | 8004 | 04/15/2026 | 1 | 04/15/2026 | Books-Reference |